Guess the airline by country - Statistics

General Stats
  • This quiz has been taken 21 times
  • The average score is 6 of 15
Answer Stats
Hint Answer % Correct
Electra Airways Bulgaria
82%
European Air charter Bulgaria
82%
Bulgaria Air Bulgaria
82%
Jetttime Denmark
76%
World2Fly Portugal Portugal
76%
Draken Europe United Kingdom
59%
Colgan Air United states
41%
FlyBy Spain
35%
TransAer Ireland
29%
Mel Air Malta
12%
Chair Airlines Switzerland
12%
Specsavers Aviation Isle Of Man
6%
Atlantic Airways Faroe Islands[Denmark]
0%
Air Greenland Greenland[Denmark]
0%
Tatarstan Airlines Tatarstan Oblask Russia
0%
No matching quizzes found
Score Distribution
Percent of People with Each Score
Percentile by Number Answered
Your Score History
You have not taken this quiz